000 00616nam a2200217 i 4500
001 95328
003 ES-MaACL
005 20260215175251.0
007 t|
008 050526s1967 an ||||1| fre d
100 1 _aLyon, Jean.
_974949
245 1 2 _aL'églesia, avui /
_cJean Lyon; [traduit del fránces per A. Tomás].
250 _a[1ª ed.].
260 _aAndorra :
_bCasal i Vall,
_c1967.
300 _a175 p. ;
_c20 cm.
490 1 _aJalons ;
_v5
700 0 _aTomas, Alberto,
_c(O.S.B.)
_9110496
830 0 _aJalons ;
_v5
_9184358
852 _aES-MaACL
_jC-31670
_bR.62401
999 _c95328
_d95328